| 000 -LEADER |
| fixed length control field |
01566cam a2200385 a 4500 |
| 001 - CONTROL NUMBER |
| control field |
3030638 |
| 003 - CONTROL NUMBER IDENTIFIER |
| control field |
NUST |
| 005 - DATE AND TIME OF LATEST TRANSACTION |
| control field |
20171019103819.0 |
| 008 - FIXED-LENGTH DATA ELEMENTS--GENERAL INFORMATION |
| fixed length control field |
941013s1993 pk b 001 0 eng |
| 010 ## - LIBRARY OF CONGRESS CONTROL NUMBER |
| LC control number |
94930057 |
| 020 ## - INTERNATIONAL STANDARD BOOK NUMBER |
| International Standard Book Number |
9694150337 : |
| Terms of availability |
Rs150.00 ($22.00 U.S.) |
| 025 ## - OVERSEAS ACQUISITION NUMBER |
| Overseas acquisition number |
P-E-027809 |
| 040 ## - CATALOGING SOURCE |
| Original cataloging agency |
DLC |
| Transcribing agency |
DLC |
| Modifying agency |
DLC |
| 042 ## - AUTHENTICATION CODE |
| Authentication code |
lcode |
| 043 ## - GEOGRAPHIC AREA CODE |
| Geographic area code |
a-pk--- |
| -- |
a-ii--- |
| 050 00 - LIBRARY OF CONGRESS CALL NUMBER |
| Classification number |
DS480.45 |
| Item number |
.H338 1993 |
| 082 ## - DEWEY DECIMAL CLASSIFICATION NUMBER |
| Classification number |
954.03 |
| Author Mark |
NOO |
| 100 1# - MAIN ENTRY--PERSONAL NAME |
| Personal name |
Haq, Noor ul |
| 9 (RLIN) |
5522 |
| 245 10 - TITLE STATEMENT |
| Title |
Making of Pakistan, the military perspective / |
| Statement of responsibility, etc. |
Noor ul Haq. |
| 250 ## - EDITION STATEMENT |
| Edition statement |
1st ed. |
| 260 ## - PUBLICATION, DISTRIBUTION, ETC. |
| Place of publication, distribution, etc. |
Islamabad, Pakistan : |
| Name of publisher, distributor, etc. |
National Institute of Historical and Cultural Research, |
| Date of publication, distribution, etc. |
1993. |
| 300 ## - PHYSICAL DESCRIPTION |
| Extent |
xix, 332 p. : |
| Other physical details |
map (folded) ; |
| Dimensions |
23 cm. |
| 440 #0 - SERIES STATEMENT/ADDED ENTRY--TITLE |
| Title |
Historical studies (Pakistan) series ; |
| Volume/sequential designation |
11 |
| 9 (RLIN) |
5523 |
| 490 1# - SERIES STATEMENT |
| Series statement |
NIHCR publication ; |
| Volume/sequential designation |
no. 81 |
| 500 ## - GENERAL NOTE |
| General note |
Originally presented as the author's thesis (Ph. D.--Quaid-i-Azam University, Islamabad) under the title: Political and military perspectives of the struggle for Pakistan. |
| 504 ## - BIBLIOGRAPHY, ETC. NOTE |
| Bibliography, etc. note |
Includes bibliographical references (p. 303-317) and index. |
| 610 10 - SUBJECT ADDED ENTRY--CORPORATE NAME |
| Corporate name or jurisdiction name as entry element |
India. |
| Subordinate unit |
Army |
| General subdivision |
History. |
| 9 (RLIN) |
5524 |
| 650 #0 - SUBJECT ADDED ENTRY--TOPICAL TERM |
| Topical term or geographic name entry element |
Pakistan movement. |
| 9 (RLIN) |
203 |
| 651 #0 - SUBJECT ADDED ENTRY--GEOGRAPHIC NAME |
| Geographic name |
India |
| General subdivision |
Politics and government |
| Chronological subdivision |
1919-1947. |
| 9 (RLIN) |
205 |
| 740 0# - ADDED ENTRY--UNCONTROLLED RELATED/ANALYTICAL TITLE |
| Uncontrolled related/analytical title |
Political and military perspectives of the struggle for Pakistan. |
| 830 #0 - SERIES ADDED ENTRY--UNIFORM TITLE |
| Uniform title |
N.I.H.C.R. publication ; |
| Volume/sequential designation |
no. 81. |
| 9 (RLIN) |
5525 |
| 906 ## - LOCAL DATA ELEMENT F, LDF (RLIN) |
| a |
7 |
| b |
cbc |
| c |
origode |
| d |
3 |
| e |
ncip |
| f |
19 |
| g |
y-gencatlg |
| 942 ## - ADDED ENTRY ELEMENTS (KOHA) |
| Source of classification or shelving scheme |
|
| Koha item type |
Book |